Tratado Latinoamericano de sociología del trabajo /
Este artículo pretende llamar la atención sobre estas insuficiencias y sobre la necesidad de conjuntar esfuerzos para sistematizar la bibliografía existente.Finalmente, plantea un modesto programa de investigación para el futuro inmediato.DOC/WMV
Guardado en:
| Autor principal: | |
|---|---|
| Autores Corporativos: | , |
| Otros Autores: | |
| Formato: | Texto |
| Publicado: |
México, D.F:
El Colegio México
|
| Materias: | |
| Etiquetas: |
Agregar Etiqueta
Sin Etiquetas, Sea el primero en etiquetar este registro!
|
MARC
| LEADER | 00000 a a2200000 04500 | ||
|---|---|---|---|
| 001 | 26879 | ||
| 003 | |||
| 040 | |||
| 020 | |a 968-16-6026-9 | ||
| 090 | |a 146624 | ||
| 100 | |a Garza Toledo, Enrique de la | ||
| 110 | |a FLACSO | ||
| 245 | |a Tratado Latinoamericano de sociología del trabajo / |c FLACSO | ||
| 260 | |a México, D.F: |b El Colegio México | ||
| 300 | |a 796 p | ||
| 520 | |a Este artículo pretende llamar la atención sobre estas insuficiencias y sobre la necesidad de conjuntar esfuerzos para sistematizar la bibliografía existente.Finalmente, plantea un modesto programa de investigación para el futuro inmediato.DOC/WMV | ||
| 650 | |a PROFESIONALES | ||
| 650 | |a TRABAJADORES PROFESIONALES | ||
| 650 | |a INVESTIGACION SOCIAL | ||
| 700 | |a coord | ||
| 710 | |a El Colegio de México |a Universidad Autónoma Metropolitana |a Fondo de Cultura Económica | ||
| 999 | |c 4695 |d 4695 | ||



